[Event "4NCL Division 1c"]
[Site "Hinckley Island ENG"]
[Date "2014.05.05"]
[Round "11.145"]
[White "Flear, Glenn C"]
[Black "Sands, David A"]
[Result "1/2-1/2"]
[WhiteElo "2488"]
[BlackElo "2226"]
[PlyCount "94"]
[EventDate "2014.05.05"]
[WhiteTeam "Guildford 2"]
[BlackTeam "Barbican 4NCL 2"]

1. d4 d5 2. c4 c6 3. Nc3 Nf6 4. e3 a6 5. Qc2 g6 6. Bd3 Bg7 7. Bd2 O-O 8. Nf3
dxc4 9. Bxc4 Nbd7 10. O-O c5 11. Be2 cxd4 12. Nxd4 Nc5 13. Na4 Nxa4 14. Qxa4
Bd7 15. Qa3 Re8 16. Rfd1 Qb8 17. h3 Bf8 18. Qb3 e5 19. Nf3 Be6 20. Qa4 e4 21.
Ng5 b5 22. Qd4 Bg7 23. Nxe6 Rxe6 24. Bc3 Ne8 25. Qb4 Bxc3 26. Qxc3 Nf6 27. Rd4
Qc8 28. Qd2 Rc6 29. Bd1 h5 30. Bb3 Kg7 31. Rd1 Qc7 32. g3 Rc8 33. Kg2 Qe5 34.
Rd6 Qf5 35. Rxc6 Rxc6 36. Qe2 Qe5 37. Rd8 Rd6 38. Rxd6 Qxd6 39. Qc2 a5 40. a3
Qe5 41. Qc3 Qxc3 42. bxc3 Ne8 43. Kf1 Nd6 44. Ke2 f5 45. h4 Kf6 46. Bd5 Nc4 47.
Bxc4 bxc4 1/2-1/2

[Event "4NCL Division 1c"]
[Site "Hinckley Island ENG"]
[Date "2014.05.05"]
[Round "11.146"]
[White "Twyble, Michael S"]
[Black "Sarakauskas, Gediminas"]
[Result "1/2-1/2"]
[WhiteElo "2268"]
[BlackElo "2402"]
[PlyCount "24"]
[EventDate "2014.05.05"]
[WhiteTeam "Barbican 4NCL 2"]
[BlackTeam "Guildford 2"]

1. d4 e6 2. c4 Nf6 3. Nc3 Bb4 4. e3 O-O 5. Nge2 d5 6. a3 Be7 7. cxd5 Nxd5 8.
Bd2 Nf6 9. g3 Nbd7 10. Bg2 e5 11. O-O c6 12. Qc2 Re8 1/2-1/2

[Event "4NCL Division 1c"]
[Site "Hinckley Island ENG"]
[Date "2014.05.05"]
[Round "11.148"]
[White "Morrison, Lynne GP"]
[Black "Wadsworth, Matthew J"]
[Result "0-1"]
[WhiteElo "1885"]
[BlackElo "2200"]
[PlyCount "76"]
[EventDate "2014.05.05"]
[WhiteTeam "Barbican 4NCL 2"]
[BlackTeam "Guildford 2"]

1. d4 d5 2. Nf3 Nf6 3. e3 e6 4. Bd3 c5 5. c3 Nc6 6. Nbd2 Bd6 7. O-O O-O 8. Re1
e5 9. dxe5 Nxe5 10. Nxe5 Bxe5 11. e4 Qc7 12. h3 Rd8 13. exd5 Nxd5 14. Nf3 Bf6
15. Qc2 g6 16. Bh6 b6 17. Rad1 Bb7 18. Be4 Rac8 19. Bg5 Bxg5 20. Nxg5 h6 21.
Nf3 f5 22. Bd3 Nf4 23. Bc4+ Kg7 24. Re3 Be4 25. Qc1 Qb7 26. Kh2 b5 27. Bb3 Nd3
28. Qd2 c4 29. Bc2 Qc7+ 30. Kg1 Bxf3 31. gxf3 Nf4 32. Qe1 Nxh3+ 33. Kh1 Rxd1
34. Bxd1 Kf7 35. b3 Qd8 36. bxc4 Qxd1 37. Qxd1 Nxf2+ 38. Kg2 Nxd1 0-1

[Event "4NCL Division 1c"]
[Site "Hinckley Island ENG"]
[Date "2014.03.23"]
[Round "8.111"]
[White "Jones, Gawain CB"]
[Black "Flear, Glenn C"]
[Result "1-0"]
[WhiteElo "2651"]
[BlackElo "2490"]
[PlyCount "131"]
[EventDate "2014.03.23"]
[WhiteTeam "Guildford 1"]
[BlackTeam "Guildford 2"]

1. e4 e5 2. Nf3 Nc6 3. d4 exd4 4. Nxd4 Bc5 5. Nb3 Bb6 6. Nc3 Nge7 7. Bg5 f6 8.
Bh4 O-O 9. Qd2 d6 10. O-O-O Qe8 11. f4 Be6 12. Kb1 Qf7 13. f5 Bc4 14. g4 Ne5
15. g5 Nf3 16. Qf4 Nxg5 17. Bxc4 Qxc4 18. Bxg5 fxg5 19. Qxg5 Rae8 20. Rhf1 Qf7
21. Rf3 d5 22. Nxd5 Nxd5 23. exd5 Re5 24. c4 c6 25. Rdf1 cxd5 26. c5 Bd8 27.
Qd2 Qd7 28. Nd4 Bf6 29. Ne6 Rf7 30. Re1 Rxe1+ 31. Qxe1 h6 32. Qb4 Qc6 33. a3
Qa6 34. Qd2 Rd7 35. Qd3 Qxd3+ 36. Rxd3 Kf7 37. b4 a6 38. Kc2 g6 39. Nd4 Re7 40.
fxg6+ Kxg6 41. Rg3+ Kh7 42. Kd3 Re1 43. Nb3 Rh1 44. h3 Rh2 45. Nd2 h5 46. a4 h4
47. Rf3 Kg6 48. b5 axb5 49. axb5 Bg5 50. Nb3 Rg2 51. b6 Rg3 52. Rxg3 hxg3 53.
Ke2 Kf6 54. Kf3 Bf4 55. Nd4 Be5 56. c6 bxc6 57. Nxc6 Bd6 58. b7 Kg5 59. Kg2 Kf4
60. b8=Q Bxb8 61. Nxb8 d4 62. Nc6 d3 63. Nb4 d2 64. Nd3+ Kg5 65. Nb2 Kh4 66.
Nd1 1-0

[Event "4NCL Division 1c"]
[Site "Hinckley Island ENG"]
[Date "2014.03.23"]
[Round "8.112"]
[White "Smerdon, David"]
[Black "Sadler, Matthew D"]
[Result "0-1"]
[WhiteElo "2508"]
[BlackElo "2645"]
[PlyCount "58"]
[EventDate "2014.03.23"]
[WhiteTeam "Guildford 2"]
[BlackTeam "Guildford 1"]

1. e4 e6 2. d4 d5 3. e5 c5 4. c3 Qb6 5. Nf3 Nc6 6. Bd3 cxd4 7. cxd4 Bd7 8. O-O
Nxd4 9. Nbd2 Bc5 10. Nxd4 Bxd4 11. Nf3 Ne7 12. Nxd4 Qxd4 13. Re1 b6 14. Be3
Qxb2 15. Qg4 Ng6 16. Rab1 Qc3 17. Bf1 O-O 18. Bd4 Qc2 19. Rb3 Rac8 20. Rh3 Qd2
21. Rd1 Qf4 22. Qh5 h6 23. Be3 Qxe5 24. Qf3 Ba4 25. Rd4 Bc2 26. Rh5 f5 27. Qh3
Rc3 28. Rd2 Be4 29. g4 Qf6 0-1

[Event "4NCL Division 1c"]
[Site "Hinckley Island ENG"]
[Date "2014.03.23"]
[Round "8.113"]
[White "Hebden, Mark L"]
[Black "Hambleton, Aman"]
[Result "1-0"]
[WhiteElo "2545"]
[BlackElo "2455"]
[PlyCount "53"]
[EventDate "2014.03.23"]
[WhiteTeam "Guildford 1"]
[BlackTeam "Guildford 2"]

1. d4 e6 2. Nf3 Nf6 3. e3 c5 4. Bd3 b6 5. O-O Bb7 6. c4 Be7 7. Nc3 cxd4 8. exd4
d5 9. cxd5 Nxd5 10. Ne5 O-O 11. Qg4 Nf6 12. Qh4 Ne4 13. Qh3 Qxd4 14. Bf4 Nf6
15. Ne2 Qa4 16. Rfc1 Na6 17. Rc4 Qe8 18. Bg5 g6 19. Qh6 Nh5 20. Rg4 f5 21. Bxe7
fxg4 22. Bxf8 Qxf8 23. Qe3 Nb4 24. Be4 Nd5 25. Bxd5 Bxd5 26. Nxg4 Qc5 27. Qe5
1-0

[Event "4NCL Division 1c"]
[Site "Hinckley Island ENG"]
[Date "2014.03.23"]
[Round "8.115"]
[White "Van Kampen, Robin"]
[Black "Ciuksyte, Dagne"]
[Result "1-0"]
[WhiteElo "2603"]
[BlackElo "2348"]
[PlyCount "100"]
[EventDate "2014.03.23"]
[WhiteTeam "Guildford 1"]
[BlackTeam "Guildford 2"]

1. e4 c5 2. Nf3 e6 3. d4 cxd4 4. Nxd4 a6 5. Nc3 Qc7 6. Bd3 Bc5 7. Nb3 Be7 8.
Qg4 g6 9. Bg5 Nc6 10. O-O-O b5 11. Bxe7 Ngxe7 12. h4 b4 13. Ne2 Ne5 14. Qg3 Bb7
15. Kb1 d5 16. Nc5 Qxc5 17. Qxe5 O-O-O 18. f3 Nc6 19. Qf6 dxe4 20. Bxe4 Qe7 21.
Qf4 Rxd1+ 22. Rxd1 Rd8 23. Rc1 e5 24. Qe3 Nd4 25. c3 bxc3 26. Nxc3 Kb8 27. Bxb7
Kxb7 28. Qe4+ Kb8 29. f4 f6 30. Re1 Re8 31. g4 Qb7 32. Qd3 Ka7 33. fxe5 fxe5
34. Ne4 Rb8 35. b3 Qb4 36. Rf1 Rb7 37. Rf6 Qb5 38. Qc3 Nxb3 39. axb3 Qxb3+ 40.
Qxb3 Rxb3+ 41. Kc2 Re3 42. Nc3 Rh3 43. Rf7+ Kb6 44. Rxh7 Kc5 45. h5 Rh2+ 46.
Kd3 Rh3+ 47. Kd2 Rh2+ 48. Ne2 Rg2 49. h6 Rxg4 50. Rh8 Kd5 1-0

[Event "4NCL Division 1c"]
[Site "Hinckley Island ENG"]
[Date "2014.03.23"]
[Round "8.116"]
[White "Kilpatrick, Callum"]
[Black "Zhou, Yang-Fan"]
[Result "0-1"]
[WhiteElo "2353"]
[BlackElo "2470"]
[PlyCount "70"]
[EventDate "2014.03.23"]
[WhiteTeam "Guildford 2"]
[BlackTeam "Guildford 1"]

1. d4 Nf6 2. Nf3 g6 3. Bg5 Bg7 4. Nbd2 O-O 5. c3 d6 6. e3 c5 7. Bd3 Nc6 8. O-O
Re8 9. Re1 cxd4 10. exd4 Bd7 11. b4 Qc7 12. Qb3 Rac8 13. d5 Ne5 14. Nxe5 dxe5
15. Rac1 e6 16. Bxf6 Bxf6 17. Ne4 Bg7 18. d6 Qc6 19. c4 f5 20. Nc5 Qxd6 21.
Rcd1 Rxc5 22. bxc5 Qc7 23. Bf1 Bc6 24. Qd3 e4 25. Qd6 Qa5 26. Re2 Bf8 27. Qg3
Qxc5 28. Red2 Qa5 29. Qh4 Be7 30. Qh6 Qe5 31. Kh1 f4 32. Rd4 Bf6 33. Rd6 Be7
34. c5 Bxd6 35. cxd6 Rd8 0-1

[Event "4NCL Division 1c"]
[Site "Hinckley Island ENG"]
[Date "2014.03.23"]
[Round "8.117"]
[White "Suarez Real, Alberto"]
[Black "Wall, Gavin"]
[Result "1-0"]
[WhiteElo "2393"]
[BlackElo "2313"]
[PlyCount "37"]
[EventDate "2014.03.23"]
[WhiteTeam "Guildford 1"]
[BlackTeam "Guildford 2"]

1. e4 e5 2. Nf3 Nc6 3. d4 exd4 4. Nxd4 Bb4+ 5. c3 Bc5 6. Bc4 Qh4 7. O-O Nge7 8.
Nb5 Bb6 9. Be3 a6 10. Nd6+ cxd6 11. Bxb6 Qxe4 12. Bb3 d5 13. Re1 Qf4 14. Bxd5
O-O 15. Bc5 Qg5 16. c4 d6 17. Bxd6 Rd8 18. Bxe7 Nxe7 19. Bxf7+ 1-0

[Event "4NCL Division 1c"]
[Site "Hinckley Island ENG"]
[Date "2014.03.23"]
[Round "8.118"]
[White "Sarakauskiene, Zivile"]
[Black "Stefanova, Antoaneta"]
[Result "0-1"]
[WhiteElo "2178"]
[BlackElo "2476"]
[PlyCount "53"]
[EventDate "2014.03.23"]
[WhiteTeam "Guildford 2"]
[BlackTeam "Guildford 1"]

1. e4 g6 2. d4 Bg7 3. c3 d6 4. Be3 Nd7 5. Bc4 Ngf6 6. Nd2 O-O 7. f3 d5 8. exd5
Nb6 9. Ne2 Nfxd5 10. Bf2 e5 11. O-O exd4 12. cxd4 Re8 13. Bxd5 Nxd5 14. Re1 Bf5
15. Qb3 a5 16. Ng3 Be6 17. Nde4 Nb4 18. Qd1 Bxa2 19. b3 f5 20. Nc5 Rxe1+ 21.
Qxe1 Qd5 22. Ne2 Nc2 23. Qd2 Nxa1 24. Qxa2 b6 25. Nf4 Qc6 26. b4+ Kh8 27. d5
0-1

[Event "4NCL Division 1c"]
[Site "Hinckley Island ENG"]
[Date "2014.03.23"]
[Round "8.121"]
[White "Hawkins, Jonathan"]
[Black "Wells, Peter K"]
[Result "1/2-1/2"]
[WhiteElo "2514"]
[BlackElo "2456"]
[PlyCount "45"]
[EventDate "2014.03.23"]
[WhiteTeam "Cheddleton 1"]
[BlackTeam "White Rose 1"]

1. d4 Nf6 2. c4 e6 3. Nf3 b6 4. g3 Ba6 5. Qc2 c5 6. d5 exd5 7. cxd5 Bb7 8. Bg2
Nxd5 9. Qb3 Nf6 10. Ne5 d5 11. Nc3 Be7 12. Qa4+ Kf8 13. Bf4 Qe8 14. Qxe8+ Kxe8
15. Rd1 Na6 16. Nc4 Bc6 17. a3 Rd8 18. Ne3 Nh5 19. Nexd5 Nxf4 20. gxf4 Bxd5 21.
Nxd5 Bd6 22. e3 Nc7 23. Ke2 1/2-1/2

[Event "4NCL Division 1c"]
[Site "Hinckley Island ENG"]
[Date "2014.03.23"]
[Round "8.122"]
[White "Bojkov, Dejan"]
[Black "Eggleston, David J"]
[Result "1-0"]
[WhiteElo "2489"]
[BlackElo "2419"]
[PlyCount "121"]
[EventDate "2014.03.23"]
[WhiteTeam "White Rose 1"]
[BlackTeam "Cheddleton 1"]

1. Nf3 Nf6 2. g3 e6 3. c4 d5 4. b3 Be7 5. Bb2 O-O 6. Bg2 c5 7. O-O Nc6 8. e3
Bd7 9. Qe2 Rc8 10. Rd1 Re8 11. cxd5 exd5 12. h3 c4 13. bxc4 dxc4 14. Na3 Bxa3
15. Bxa3 b5 16. Bb2 Bf5 17. Ne1 Nb4 18. Qf3 Nd3 19. Nxd3 Bxd3 20. Bxf6 Qxf6 21.
Qxf6 gxf6 22. Bf1 Bc2 23. Rdc1 Ba4 24. Rab1 Rcd8 25. Rb2 Rd6 26. Rc3 Red8 27.
Ra3 Rc6 28. Be2 Kf8 29. Kf1 Ke7 30. Ke1 Kd6 31. Rc3 Kc7 32. Bf3 Rb6 33. Be4 h6
34. d3 Re6 35. Bh7 Rh8 36. Bf5 Re5 37. g4 Rc5 38. dxc4 bxc4 39. Bd3 h5 40. Rxc4
Rxc4 41. Bxc4 hxg4 42. hxg4 Rh1+ 43. Kd2 Rd1+ 44. Kc3 Bd7 45. f3 Be6 46. Bxe6
fxe6 47. Rg2 e5 48. f4 exf4 49. exf4 Rd6 50. a4 Rb6 51. Kc4 Kd7 52. a5 Rc6+ 53.
Kd5 Rd6+ 54. Ke4 Ke6 55. Rc2 Kd7 56. Kf5 Rd4 57. Re2 a6 58. Re4 Rd6 59. Rb4 Ke7
60. Rb7+ Kf8 61. Rb6 1-0

[Event "4NCL Division 1c"]
[Site "Hinckley Island ENG"]
[Date "2014.03.23"]
[Round "8.123"]
[White "Hamitevici, Vladimir"]
[Black "Palliser, Richard JD"]
[Result "1/2-1/2"]
[WhiteElo "2456"]
[BlackElo "2453"]
[PlyCount "117"]
[EventDate "2014.03.23"]
[WhiteTeam "Cheddleton 1"]
[BlackTeam "White Rose 1"]

1. e4 c5 2. Nf3 d6 3. d4 cxd4 4. Nxd4 Nf6 5. Nc3 a6 6. Be2 e5 7. Nb3 Be7 8. Be3
Be6 9. Nd5 Nbd7 10. Qd3 O-O 11. O-O Bxd5 12. exd5 Ne8 13. Bg4 Nef6 14. Be2 Ne8
15. Bg4 Nef6 16. Bh3 Re8 17. a4 a5 18. Nd2 Nc5 19. Qc4 Nfd7 20. Qb5 Qc7 21. c3
Nf6 22. Qc4 Na6 23. Rfd1 Qb8 24. b4 Nc7 25. Nb3 axb4 26. cxb4 Rxa4 27. Rxa4 b5
28. Ba7 Qb7 29. Qc6 Qxc6 30. dxc6 bxa4 31. Nc1 d5 32. Nd3 e4 33. Nc5 a3 34. Bb6
Bd6 35. Bxc7 Bxc7 36. Na6 Be5 37. c7 a2 38. b5 a1=Q 39. Rxa1 Bxa1 40. b6 Be5
41. c8=Q Rxc8 42. Bxc8 d4 43. b7 d3 44. Kf1 Nd5 45. g3 g6 46. b8=Q Bxb8 47.
Nxb8 e3 48. fxe3 Nxe3+ 49. Ke1 f5 50. Ba6 Ng4 51. h4 Ne5 52. Kd2 Kg7 53. Bxd3
g5 54. h5 Nxd3 55. Kxd3 Kh6 56. Nd7 Kxh5 57. Ne5 f4 58. gxf4 gxf4 59. Ke4
1/2-1/2

[Event "4NCL Division 1c"]
[Site "Hinckley Island ENG"]
[Date "2014.03.23"]
[Round "8.124"]
[White "Adair, James R"]
[Black "Colovic, Aleksandar"]
[Result "1-0"]
[WhiteElo "2417"]
[BlackElo "2493"]
[PlyCount "153"]
[EventDate "2014.03.23"]
[WhiteTeam "White Rose 1"]
[BlackTeam "Cheddleton 1"]

1. e4 e5 2. Nf3 Nc6 3. Bb5 Nf6 4. d3 Bc5 5. c3 O-O 6. O-O d5 7. Qe2 dxe4 8.
dxe4 Bg4 9. h3 Bh5 10. Nbd2 Qe7 11. Nc4 Qe6 12. Bg5 Rfe8 13. b4 Be7 14. Na5 h6
15. Bxf6 Qxf6 16. Nxb7 Reb8 17. Bxc6 Qxc6 18. Na5 Qxc3 19. g4 Bg6 20. a3 Bg5
21. Nxg5 hxg5 22. f3 Rb6 23. Rfc1 Qd4+ 24. Qf2 Qd7 25. Nc4 Re6 26. Qd2 Qe7 27.
Rd1 Re8 28. Rac1 Kh8 29. Kg2 Qf6 30. Rc3 Rc6 31. Ne3 Rxc3 32. Qxc3 c6 33. Nc4
Re6 34. Rd7 a6 35. a4 Re8 36. a5 Rb8 37. Rd6 Qf4 38. Nb6 Bxe4 39. fxe4 Qxe4+
40. Kg1 Qb1+ 41. Kh2 e4 42. Rd2 Re8 43. Nc4 Qf1 44. Ne3 Qf3 45. Qd4 f6 46. Ng2
Re5 47. Qa7 Rd5 48. Rxd5 cxd5 49. Qd4 Qb3 50. Ne3 Qa2+ 51. Kg1 Qb1+ 52. Kf2
Qa2+ 53. Ke1 Qb1+ 54. Kd2 Qa2+ 55. Nc2 Qb3 56. Qc3 Qb1 57. Qd4 Qb3 58. Qe3 Qb2
59. Qe2 Qe5 60. Qf2 Qd6 61. Kc3 Qc7+ 62. Kb2 Qd6 63. Qd4 Kh7 64. Ne3 Qh2+ 65.
Kb3 Qxh3 66. b5 axb5 67. a6 Qh1 68. Kb4 Qb1+ 69. Ka5 b4 70. Qxb4 Qa1+ 71. Kb6
d4 72. Nf5 Kg6 73. Nxd4 e3 74. a7 Qh1 75. Qc3 Qa1 76. Qb4 Qh1 77. Qc3 1-0

[Event "4NCL Division 1c"]
[Site "Hinckley Island ENG"]
[Date "2014.03.23"]
[Round "8.125"]
[White "Ziska, Helgi D"]
[Black "McNab, Colin A"]
[Result "1/2-1/2"]
[WhiteElo "2484"]
[BlackElo "2449"]
[PlyCount "88"]
[EventDate "2014.03.23"]
[WhiteTeam "Cheddleton 1"]
[BlackTeam "White Rose 1"]

1. e4 g6 2. d4 d6 3. Nc3 Bg7 4. Be3 Nf6 5. Qd2 c6 6. Bh6 Bxh6 7. Qxh6 Qa5 8.
Bd3 c5 9. d5 Nbd7 10. Nf3 c4 11. Bxc4 Qc5 12. Bd3 Qxf2+ 13. Kxf2 Ng4+ 14. Kg3
Nxh6 15. Rhe1 O-O 16. e5 Nc5 17. exd6 exd6 18. Bf1 Bf5 19. Nd4 a6 20. Kf2 Rfe8
21. Nxf5 Nxf5 22. b4 Nd7 23. Ne4 h5 24. c4 Re5 25. Bd3 Kg7 26. h3 Rae8 27. a4
Nb6 28. g4 hxg4 29. hxg4 Nh6 30. g5 Ng4+ 31. Kf3 f5 32. gxf6+ Nxf6 33. Nxf6
Kxf6 34. Rxe5 Rxe5 35. Rg1 g5 36. Rh1 Re7 37. a5 Nd7 38. Rh6+ Ke5 39. Ke3 Nf6
40. Rg6 Ng4+ 41. Kd2 Nf2 42. c5 Nxd3 43. cxd6 Rd7 44. Kxd3 Kxd5 1/2-1/2

[Event "4NCL Division 1c"]
[Site "Hinckley Island ENG"]
[Date "2014.03.23"]
[Round "8.126"]
[White "Van de Griendt, Jan W"]
[Black "Williams, Simon K"]
[Result "1/2-1/2"]
[WhiteElo "2351"]
[BlackElo "2458"]
[PlyCount "82"]
[EventDate "2014.03.23"]
[WhiteTeam "White Rose 1"]
[BlackTeam "Cheddleton 1"]

1. d4 e6 2. e4 d5 3. Nd2 Nf6 4. e5 Nfd7 5. Bd3 c5 6. c3 Nc6 7. Ne2 cxd4 8. cxd4
f6 9. exf6 Nxf6 10. Nf3 Bd6 11. O-O Qc7 12. Nc3 a6 13. Bg5 O-O 14. Rc1 Bd7 15.
Bh4 Be8 16. Qe1 Kh8 17. Bg3 Bxg3 18. hxg3 Bh5 19. Ne5 Nxe5 20. dxe5 Ng4 21. Be2
Qxe5 22. Bxg4 Qxe1 23. Rfxe1 Bxg4 24. f3 Bf5 25. g4 Bg6 26. Rxe6 Rfd8 27. Rd1
d4 28. Ne2 d3 29. Nf4 Rac8 30. Nxg6+ hxg6 31. Rxg6 Rc2 32. Rb6 Re8 33. Rxd3
Ree2 34. Rxb7 Rxg2+ 35. Kf1 Rh2 36. Kg1 Kh7 37. Rb6 Rhg2+ 38. Kf1 Rcf2+ 39. Ke1
Rh2 40. Re3 Rc2 41. Kd1 Rhd2+ 1/2-1/2

[Event "4NCL Division 1c"]
[Site "Hinckley Island ENG"]
[Date "2014.03.23"]
[Round "8.127"]
[White "Arkell, Keith CC"]
[Black "Croad, Nicolas"]
[Result "0-1"]
[WhiteElo "2448"]
[BlackElo "2246"]
[PlyCount "142"]
[EventDate "2014.03.23"]
[WhiteTeam "Cheddleton 1"]
[BlackTeam "White Rose 1"]

1. d4 Nf6 2. Nf3 e6 3. c4 b6 4. a3 Bb7 5. Nc3 g6 6. g3 Bg7 7. Bg2 Ne4 8. Nxe4
Bxe4 9. Bg5 Qc8 10. Qd2 h6 11. Be3 d6 12. O-O Nd7 13. b4 Nf6 14. h3 h5 15. a4
a5 16. b5 O-O 17. Rac1 Qd7 18. Rfd1 Rae8 19. Bh6 Ba8 20. Bxg7 Kxg7 21. Qb2 Qe7
22. Rc3 Ne4 23. Re3 f5 24. Ne1 Qf6 25. h4 g5 26. hxg5 Nxg5 27. Nd3 Rh8 28. Bxa8
Rxa8 29. Nf4 h4 30. Kg2 hxg3 31. Rxg3 Kf7 32. Rg1 Ne4 33. Rg6 Rag8 34. Rxg8
Rxg8+ 35. Kf1 Qh4 36. e3 Rxg1+ 37. Kxg1 Qg4+ 38. Kf1 Qd1+ 39. Kg2 Qg4+ 40. Kf1
Qd1+ 41. Kg2 Nd2 42. Kh2 Nf3+ 43. Kg3 Qg1+ 44. Ng2 Ne1 45. f3 Nxg2 46. Qxg2
Qxe3 47. Qh1 Qg5+ 48. Kf2 Qd2+ 49. Kg3 Qxd4 50. Qh5+ Kf8 51. Kh3 Qg7 52. Qh4
Ke8 53. Qe1 Kd7 54. Qe2 Qg5 55. Kh2 e5 56. Qd3 Qh4+ 57. Kg2 e4 58. Qd5 Qg5+ 59.
Kf2 Qf4 60. Qf7+ Kc8 61. Qe8+ Kb7 62. Qc6+ Kb8 63. Qe8+ Ka7 64. Qf7 Qxf3+ 65.
Kg1 Qe3+ 66. Kg2 Qc5 67. Kg3 Qe5+ 68. Kf2 Kb7 69. Ke3 Qc3+ 70. Kf4 Qf3+ 71. Kg5
e3 0-1

[Event "4NCL Division 1c"]
[Site "Hinckley Island ENG"]
[Date "2014.03.23"]
[Round "8.128"]
[White "Maroroa, Sue Y"]
[Black "Steil-Antoni, Fiona"]
[Result "1-0"]
[WhiteElo "2110"]
[BlackElo "2181"]
[PlyCount "81"]
[EventDate "2014.03.23"]
[WhiteTeam "White Rose 1"]
[BlackTeam "Cheddleton 1"]

1. e4 d6 2. d4 Nf6 3. Nc3 Nbd7 4. Be3 e5 5. Qd2 Be7 6. f3 c6 7. Nge2 b5 8. Ng3
g6 9. d5 cxd5 10. Nxd5 Nxd5 11. Qxd5 Rb8 12. Bh6 Qa5+ 13. c3 Nf6 14. Qd2 Qc7
15. Be2 Be6 16. O-O Nd7 17. b3 f6 18. Rac1 Kf7 19. f4 exf4 20. Qxf4 Rhc8 21.
Nf5 Qc5+ 22. Nd4 a6 23. Bg4 Bxg4 24. Qxg4 Nf8 25. Bxf8 Kxf8 26. Kh1 Qe5 27. Qd7
Rxc3 28. Rxc3 Qxd4 29. Rc8+ Rxc8 30. Qxc8+ Kf7 31. Qxa6 Qd3 32. Rg1 h5 33. Qc6
Qe2 34. a4 bxa4 35. bxa4 h4 36. Rc1 Qe3 37. Qc3 Qf4 38. Qc4+ Kg7 39. Rf1 Qg4
40. h3 Qd7 41. Qb5 1-0

[Event "4NCL Division 1c"]
[Site "Hinckley Island ENG"]
[Date "2014.03.23"]
[Round "8.131"]
[White "Williams, Samuel G"]
[Black "Jackson, James P"]
[Result "1/2-1/2"]
[WhiteElo "2263"]
[BlackElo "2262"]
[PlyCount "81"]
[EventDate "2014.03.23"]
[WhiteTeam "Grantham Sharks 1"]
[BlackTeam "e2e4.org.uk 1"]

1. d4 Nf6 2. c4 c5 3. d5 e6 4. Nc3 exd5 5. cxd5 d6 6. e4 g6 7. Nf3 Bg7 8. Bd3
O-O 9. h3 Nh5 10. O-O Nd7 11. g4 Nhf6 12. Bf4 Qe7 13. Re1 Ne8 14. Qe2 Ne5 15.
Nd2 g5 16. Bh2 Rb8 17. a4 Nc7 18. Nf1 Na6 19. Ng3 Nb4 20. Bb1 Ng6 21. Nh5 Be5
22. Bxe5 Qxe5 23. Nd1 Re8 24. Ne3 Nf4 25. Nxf4 Qxf4 26. Ra3 b6 27. Ng2 Qe5 28.
Qd2 Rb7 29. Rf3 Rbe7 30. Ne3 Qg7 31. Kg2 h6 32. Nc4 Rd8 33. Rb3 Ba6 34. Ne3 Bc8
35. Nc4 Ba6 36. Ne3 Bc8 37. Qd1 Qf6 38. Nc4 Ba6 39. Rf3 Qg7 40. Ne3 Bc8 41. Qc1
1/2-1/2

[Event "4NCL Division 1c"]
[Site "Hinckley Island ENG"]
[Date "2014.03.23"]
[Round "8.132"]
[White "Conquest, Stuart C"]
[Black "Ghasi, Ameet K"]
[Result "1/2-1/2"]
[WhiteElo "2490"]
[BlackElo "2469"]
[PlyCount "84"]
[EventDate "2014.03.23"]
[WhiteTeam "e2e4.org.uk 1"]
[BlackTeam "Grantham Sharks 1"]

1. e4 g6 2. Nc3 Bg7 3. f4 e6 4. Nf3 d6 5. d4 Ne7 6. Bd3 Nd7 7. O-O O-O 8. Kh1
a6 9. Qe1 c5 10. Be3 cxd4 11. Bxd4 Bxd4 12. Nxd4 e5 13. Nde2 exf4 14. Nxf4 Ne5
15. Rd1 Be6 16. Qg3 Kh8 17. Be2 N7c6 18. b3 h6 19. Nxe6 fxe6 20. Qh3 Qe7 21.
Qxh6+ Kg8 22. Qd2 Rxf1+ 23. Rxf1 Kg7 24. Rd1 Nf7 25. Qf4 Rc8 26. Rd3 Nce5 27.
Rg3 b5 28. Bd1 g5 29. Ne2 Rh8 30. Nd4 Qf6 31. Qxf6+ Kxf6 32. Re3 Rc8 33. Kg1
Ke7 34. Kf2 Rh8 35. h3 Rh4 36. c3 Rf4+ 37. Ke2 g4 38. g3 Rf6 39. h4 Nh6 40. Ke1
Rf8 41. Be2 Ng8 42. a3 Rc8 1/2-1/2

[Event "4NCL Division 1c"]
[Site "Hinckley Island ENG"]
[Date "2014.03.23"]
[Round "8.133"]
[White "Rendle, Thomas E"]
[Black "Mladenov, Plamen"]
[Result "1/2-1/2"]
[WhiteElo "2392"]
[BlackElo "2373"]
[PlyCount "56"]
[EventDate "2014.03.23"]
[WhiteTeam "Grantham Sharks 1"]
[BlackTeam "e2e4.org.uk 1"]

1. e4 c5 2. Nf3 e6 3. g3 d5 4. exd5 exd5 5. d4 Nc6 6. Bg2 Bg4 7. O-O cxd4 8.
Nbd2 Bc5 9. Nb3 Bb6 10. h3 Bh5 11. g4 Bg6 12. Nfxd4 Nge7 13. Bg5 O-O 14. Qd2
Re8 15. Rae1 Qd7 16. Re2 Nxd4 17. Nxd4 Nc6 18. Nxc6 bxc6 19. Rfe1 Rxe2 20. Rxe2
Re8 21. c3 Rxe2 22. Qxe2 Qe6 23. Bf3 Be4 24. Bxe4 dxe4 25. Bf4 h5 26. gxh5 Qxh3
27. Qxe4 Qxh5 28. Bg3 Qd5 1/2-1/2

[Event "4NCL Division 1c"]
[Site "Hinckley Island ENG"]
[Date "2014.03.23"]
[Round "8.134"]
[White "Sowray, Peter J"]
[Black "Roberson, Peter T"]
[Result "0-1"]
[WhiteElo "2347"]
[BlackElo "2386"]
[PlyCount "94"]
[EventDate "2014.03.23"]
[WhiteTeam "e2e4.org.uk 1"]
[BlackTeam "Grantham Sharks 1"]

1. d4 e6 2. c4 Nf6 3. Nc3 Bb4 4. e3 O-O 5. Nge2 Re8 6. a3 Bf8 7. g4 Nxg4 8. Rg1
f5 9. h3 Nf6 10. Ng3 d6 11. e4 Kh8 12. Bd3 Nc6 13. Be3 Nxd4 14. Bxd4 e5 15. Be3
f4 16. Bd2 fxg3 17. Rxg3 Be6 18. Qf3 Be7 19. O-O-O Qd7 20. Rdg1 Rg8 21. Be2
Raf8 22. Qg2 Ne8 23. Bh5 Bh4 24. Bxe8 Rxe8 25. Rf3 Bxc4 26. Nd1 Be6 27. Bc3
Ref8 28. Ne3 Rxf3 29. Qxf3 Qf7 30. Nf5 Be7 31. Qe3 Bxf5 32. exf5 Qxf5 33. Qxa7
Bg5+ 34. Bd2 Bxd2+ 35. Kxd2 Rf8 36. Rc1 Qf4+ 37. Qe3 Qxf2+ 38. Qxf2 Rxf2+ 39.
Ke3 Rxb2 40. Rxc7 h6 41. Ke4 Rb3 42. h4 Rxa3 43. Kf5 Kh7 44. Rd7 Ra4 45. h5 Rh4
46. Rxd6 Rxh5+ 47. Ke4 b5 0-1

[Event "4NCL Division 1c"]
[Site "Hinckley Island ENG"]
[Date "2014.03.23"]
[Round "8.136"]
[White "Ross, Chris N"]
[Black "Mangione, Claudio"]
[Result "0-1"]
[WhiteElo "2226"]
[BlackElo "2202"]
[PlyCount "62"]
[EventDate "2014.03.23"]
[WhiteTeam "e2e4.org.uk 1"]
[BlackTeam "Grantham Sharks 1"]

1. e4 g6 2. d4 Bg7 3. Nc3 d6 4. Be3 a6 5. Qd2 b5 6. O-O-O Bb7 7. f3 Nd7 8. h4
Ngf6 9. Nh3 Rc8 10. Nf4 h5 11. g3 c5 12. dxc5 Nxc5 13. Bh3 b4 14. Ncd5 b3 15.
Kb1 Ncxe4 16. fxe4 bxc2+ 17. Ka1 cxd1=Q+ 18. Qxd1 Bxd5 19. exd5 O-O 20. Qd3 Qc7
21. Bxc8 Rxc8 22. Kb1 Qb7 23. Rc1 Rxc1+ 24. Bxc1 Bh6 25. a4 Bxf4 26. gxf4 Nxd5
27. f5 Nb4 28. Qd4 a5 29. fxg6 Qf3 30. Qf4 Qd3+ 31. Ka1 fxg6 0-1

[Event "4NCL Division 1c"]
[Site "Hinckley Island ENG"]
[Date "2014.03.23"]
[Round "8.137"]
[White "Purton, Ben J"]
[Black "Mladenov, Iliyan D"]
[Result "1/2-1/2"]
[WhiteElo "2138"]
[BlackElo "2244"]
[PlyCount "77"]
[EventDate "2014.03.23"]
[WhiteTeam "Grantham Sharks 1"]
[BlackTeam "e2e4.org.uk 1"]

1. e4 c5 2. Nf3 d6 3. Bb5+ Bd7 4. Bxd7+ Qxd7 5. c4 Nc6 6. O-O g6 7. d4 cxd4 8.
Nxd4 Bg7 9. Be3 Nf6 10. f3 Rc8 11. b3 a6 12. a4 O-O 13. Nc3 e6 14. Rc1 Rfd8 15.
Nxc6 Rxc6 16. Bd4 Qe7 17. Qe2 Rdc8 18. Rfd1 Bh6 19. Be3 Bf8 20. Bg5 h6 21. Bh4
g5 22. Bf2 Nd7 23. Rd3 Nc5 24. Bxc5 Rxc5 25. Rcd1 Qf6 26. g3 Bg7 27. Qf2 Qe7
28. Ne2 R8c6 29. Kg2 b5 30. cxb5 axb5 31. b4 Rc2 32. axb5 R6c4 33. R1d2 Rxd2
34. Rxd2 Rxb4 35. Qb6 Qe8 36. Qc6 Qb8 37. Qxd6 Qxb5 38. Qd8+ Kh7 39. Qd7
1/2-1/2

[Event "4NCL Division 1c"]
[Site "Hinckley Island ENG"]
[Date "2014.03.23"]
[Round "8.138"]
[White "Norinkeviciute, Rasa"]
[Black "Batchelor, Peter J"]
[Result "0-1"]
[WhiteElo "2021"]
[BlackElo "2146"]
[PlyCount "84"]
[EventDate "2014.03.23"]
[WhiteTeam "e2e4.org.uk 1"]
[BlackTeam "Grantham Sharks 1"]

1. c4 Nf6 2. g3 c6 3. Bg2 d5 4. Nf3 g6 5. b3 Bg7 6. Bb2 O-O 7. O-O a5 8. Qc2
Na6 9. a3 dxc4 10. bxc4 Re8 11. d3 Nd7 12. Bxg7 Kxg7 13. Nc3 e5 14. h4 Qe7 15.
Nd2 Ndc5 16. Nb3 Nxb3 17. Qxb3 Nc5 18. Qc2 Bf5 19. Qb2 h5 20. Rad1 Red8 21. Kh2
Kh7 22. f4 Rd4 23. Qd2 exf4 24. Rxf4 Nb3 25. Qe1 Rxf4 26. gxf4 Qxa3 27. Ne4
Bxe4 28. Bxe4 Qd6 29. e3 a4 30. Qc3 Nc5 31. Bf3 Qe7 32. Kg3 Qxe3 33. Qf6 Kg8
34. f5 Nd7 35. Qd6 Ne5 36. Rf1 g5 37. hxg5 Nxf3 38. Rxf3 Qg1+ 39. Kh3 Qg4+ 40.
Kh2 Qxf3 41. g6 Qf2+ 42. Kh3 Qxf5+ 0-1